[Event "Marianske Lazne Seniors op 17th"]
[Site "Marianske Lazne"]
[Date "2018.01.26"]
[Round "8"]
[White "Malinovsky, Petr"]
[Black "Panos, Jan"]
[Result "1-0"]
[WhiteElo "2001"]
[BlackElo "1820"]
[PlyCount "91"]
[EventDate "2018.01.20"]
[EventType "swiss"]
[EventRounds "9"]
[EventCountry "CZE"]
[SourceTitle "CBM 182 Extra"]
[Source "ChessBase"]
[SourceDate "2018.02.23"]
[SourceVersion "1"]
[SourceVersionDate "2018.02.23"]
[SourceQuality "1"]

1. d4 e6 2. c4 Nf6 3. Nc3 d5 4. cxd5 exd5 5. Bg5 Be7 6. e3 Be6 7. Bd3 c6 8. Nge2 h6 9. Bh4 Bg4 10. f3 Bh5 11. Qc2 g5 12. Bf2 Rg8 13. 0-0-0 Nbd7 14. e4 dxe4 15. fxe4 Bg6 16. e5 Bxd3 17. Qxd3 Nd5 18. Qh7 Rg6 19. e6 Rxe6 20. Qd3 N7b6 21. Kb1 Qd7 22. Rc1 0-0-0 23. Bg3 Bd6 24. Ne4 Nf4 25. Nxf4 gxf4 26. Bh4 Rg8 27. Nf6 Rxf6 28. Bxf6 Qe6 29. Qh7 Re8 30. Rhe1 Qxe1 31. Rxe1 Rxe1+ 32. Kc2 Re2+ 33. Kd3 Re3+ 34. Kc2 Nd7 35. Qg8+ Nf8 36. Qxf7 Nd7 37. Qg8+ Nf8 38. a3 Kc7 39. Qg7+ Kb6 40. Qxh6 Ne6 41. h4 Bc7 42. d5 Nc5 43. b4 Nb3 44. Bc3 Kb5 45. d6 Bb6 46. Qxf4 1-0

[Event "Marianske Lazne op 16th"]
[Site "Marianske Lazne"]
[Date "2017.01.27"]
[Round "8"]
[White "Panos, Jan"]
[Black "Ruzicka, Vaclav1111"]
[Result "1-0"]
[WhiteElo "1867"]
[BlackElo "1678"]
[PlyCount "71"]
[EventDate "2017.01.21"]
[EventType "swiss"]
[EventRounds "9"]
[EventCountry "CZE"]
[SourceTitle "CBM 176 Extra"]
[Source "ChessBase"]
[SourceDate "2017.03.02"]
[SourceVersion "1"]
[SourceVersionDate "2017.03.02"]
[SourceQuality "1"]

1. Nf3 Nf6 2. d4 d6 3. Nc3 Nbd7 4. e4 e5 5. Bb5 c6 6. Bc4 Nxe4 7. Bxf7+ Kxf7 8. Nxe4 h6 9. dxe5 Qa5+ 10. Bd2 Qd5 11. Nxd6+ Bxd6 12. exd6 Qxd6 13. 0-0 Nf6 14. Qe2 Re8 15. Be3 Be6 16. Rad1 Qc7 17. h3 b5 18. b3 a5 19. Nd4 Bd5 20. Rfe1 Kg8 21. c4 bxc4 22. bxc4 Bf7 23. Qc2 Qc8 24. Qa4 Qa6 25. Rc1 Rec8 26. Nf5 Re8 27. Nd6 Re7 28. Rb1 Bg6 29. Rb2 Nd7 30. Rd1 Ne5 31. Rb6 Qa7 32. Rxc6 Qd7 33. Nc8 Qe8 34. Nxe7+ Kf7 35. Nxg6 Nxg6 36. Rc7+ 1-0

[Event "Marianske Lazne op 16th"]
[Site "Marianske Lazne"]
[Date "2017.01.22"]
[Round "2"]
[White "Panos, Jan"]
[Black "Nasyrov, Anton"]
[Result "1-0"]
[WhiteElo "1867"]
[BlackElo "1521"]
[PlyCount "109"]
[EventDate "2017.01.21"]
[EventType "swiss"]
[EventRounds "9"]
[EventCountry "CZE"]
[SourceTitle "CBM 176 Extra"]
[Source "ChessBase"]
[SourceDate "2017.03.02"]
[SourceVersion "1"]
[SourceVersionDate "2017.03.02"]
[SourceQuality "1"]

1. d4 f5 2. Nf3 e6 3. g3 Nf6 4. Bg5 d5 5. Bg2 c6 6. a4 Bd6 7. 0-0 0-0 8. Nc3 Bd7 9. Ne5 Be8 10. f3 Nbd7 11. Nxd7 Qxd7 12. Rb1 a5 13. Qd2 Qf7 14. Bf4 Bxf4 15. Qxf4 Nh5 16. Qd2 Qc7 17. b4 axb4 18. Rxb4 Rf6 19. Rfb1 Rb8 20. e3 Rg6 21. Ne2 h6 22. Rb6 c5 23. a5 c4 24. a6 Bc6 25. Qb4 Nf6 26. Nf4 Rg5 27. Nxe6 Qc8 28. Nxg5 hxg5 29. Qd6 Qe8 30. Kf2 Nd7 31. Rxc6 bxc6 32. Rxb8 Nxb8 33. a7 Na6 34. Qa3 Qc8 35. Qe7 g4 36. h3 gxf3 37. Bxf3 Kh8 38. g4 g6 39. gxf5 gxf5 40. Bh5 Nc7 41. Bg6 Qg8 42. Qxc7 c5 43. Qh7+ Qxh7 44. Bxh7 Kxh7 45. a8Q Kg6 46. dxc5 d4 47. exd4 f4 48. Qd5 f3 49. Kxf3 c3 50. Qe6+ Kh7 51. Qg4 Kh8 52. Kf4 Kh7 53. Kf5 Kh8 54. Kf6 Kh7 55. Qg7# 1-0

[Event "Wch Seniors 50 26th"]
[Site "Marianske Lazne"]
[Date "2016.11.27"]
[Round "8"]
[White "Shaw, Meyrick"]
[Black "Panos, Jan"]
[Result "0-1"]
[WhiteElo "1947"]
[BlackElo "1845"]
[PlyCount "68"]
[EventDate "2016.11.19"]
[EventType "swiss"]
[EventRounds "11"]
[EventCountry "CZE"]
[SourceTitle "CBM 175 Extra"]
[Source "ChessBase"]
[SourceDate "2016.12.12"]
[SourceVersion "1"]
[SourceVersionDate "2016.12.12"]
[SourceQuality "1"]

1. d4 d5 2. Bf4 c6 3. c3 Nf6 4. e3 Bf5 5. Nd2 e6 6. Be2 Be7 7. Ngf3 Nbd7 8. c4 Nh5 9. Ne5 Nxf4 10. exf4 Nxe5 11. fxe5 dxc4 12. Nxc4 Bb4+ 13. Kf1 0-0 14. Qb3 Be7 15. Qxb7 Be4 16. Rd1 Bg5 17. Qb4 Bc2 18. Rd2 Bxd2 19. Qxd2 Be4 20. Nd6 Bd5 21. b3 Qh4 22. f3 f6 23. Bd3 fxe5 24. dxe5 Qh5 25. Qc3 Rxf3+ 26. Ke1 Rxd3 27. Qxd3 Qxe5+ 28. Kd2 Qxd6 29. Rf1 Rf8 30. Rxf8+ Qxf8 31. g3 Qf2+ 32. Kc3 Qxa2 33. Kd4 Qxb3 34. Qa6 Qb6+ 0-1

[Event "Wch Seniors 50 26th"]
[Site "Marianske Lazne"]
[Date "2016.11.24"]
[Round "6"]
[White "Tiedt, Gunter"]
[Black "Panos, Jan"]
[Result "1-0"]
[WhiteElo "2020"]
[BlackElo "1845"]
[PlyCount "137"]
[EventDate "2016.11.19"]
[EventType "swiss"]
[EventRounds "11"]
[EventCountry "CZE"]
[SourceTitle "CBM 175 Extra"]
[Source "ChessBase"]
[SourceDate "2016.12.12"]
[SourceVersion "1"]
[SourceVersionDate "2016.12.12"]
[SourceQuality "1"]

1. e4 c6 2. d4 d5 3. exd5 cxd5 4. c4 Nf6 5. Nc3 Nc6 6. Nf3 Bg4 7. cxd5 Nxd5 8. Bb5 Rc8 9. h3 Bxf3 10. Qxf3 Nxc3 11. bxc3 a6 12. Ba4 e6 13. 0-0 Be7 14. Bb2 0-0 15. Rfd1 Qb6 16. Rab1 Qa5 17. Bb3 Qc7 18. d5 Ne5 19. Qg3 exd5 20. Rxd5 Ng6 21. Qf3 Qf4 22. Qxf4 Nxf4 23. Rd7 Bc5 24. Re1 b6 25. Bc1 Ne6 26. Be3 Bxe3 27. Rxe3 Nc5 28. Ra7 Nxb3 29. axb3 a5 30. Rb7 Rb8 31. Ree7 g6 32. c4 Kg7 33. Kf1 Kf6 34. f4 h6 35. g4 Rbd8 36. g5+ hxg5 37. fxg5+ Kxg5 38. Rxb6 f5 39. h4+ Kh5 40. Rh7+ Kg4 41. Rxg6+ Kf3 42. Kg1 Rd1+ 43. Kh2 Rd2+ 44. Kh3 f4 45. Rhg7 Re8 46. Rg2 Rd1 47. Rh2 Re3 48. h5 Ke4+ 49. Kh4 Rd6 50. Re7+ Kf5 51. Rf7+ Ke5 52. Ra2 Rxb3 53. Rxa5+ Ke4 54. Raf5 f3 55. Rf4+ Ke5 56. R7f5+ Ke6 57. Rf6+ Ke7 58. Rxd6 Kxd6 59. Kg3 Rc3 60. h6 Ke5 61. h7 f2+ 62. Kg2 Kxf4 63. h8Q Rg3+ 64. Kxf2 Rf3+ 65. Ke2 Re3+ 66. Kd2 Re5 67. Qh4+ Kf5 68. Kd3 Ke6 69. Kd4 1-0

[Event "Wch Seniors 50 26th"]
[Site "Marianske Lazne"]
[Date "2016.11.22"]
[Round "4"]
[White "Melkeraaen, Terje"]
[Black "Panos, Jan"]
[Result "1-0"]
[WhiteElo "2011"]
[BlackElo "1845"]
[PlyCount "51"]
[EventDate "2016.11.19"]
[EventType "swiss"]
[EventRounds "11"]
[EventCountry "CZE"]
[SourceTitle "CBM 175 Extra"]
[Source "ChessBase"]
[SourceDate "2016.12.12"]
[SourceVersion "1"]
[SourceVersionDate "2016.12.12"]
[SourceQuality "1"]

1. Nf3 c5 2. b3 Nc6 3. Bb2 e6 4. e3 Nf6 5. Bb5 Nb4 6. 0-0 a6 7. Be2 b5 8. a3 Nc6 9. a4 Rb8 10. axb5 axb5 11. Na3 Ba6 12. Ne5 Nxe5 13. Bxe5 d6 14. Bg3 Be7 15. d4 Ne4 16. dxc5 Nxg3 17. hxg3 dxc5 18. c4 b4 19. Nb5 Bxb5 20. cxb5 0-0 21. Ra6 Qd5 22. Qc2 Bd8 23. Bf3 Qe5 24. Bc6 Bb6 25. Rd1 Rfd8 26. Rxb6 1-0

[Event "Wch Seniors 50 26th"]
[Site "Marianske Lazne"]
[Date "2016.11.20"]
[Round "2"]
[White "Siebenburger, Vlastimil"]
[Black "Panos, Jan"]
[Result "1-0"]
[WhiteElo "2048"]
[BlackElo "1845"]
[PlyCount "97"]
[EventDate "2016.11.19"]
[EventType "swiss"]
[EventRounds "11"]
[EventCountry "CZE"]
[SourceTitle "CBM 175 Extra"]
[Source "ChessBase"]
[SourceDate "2016.12.12"]
[SourceVersion "1"]
[SourceVersionDate "2016.12.12"]
[SourceQuality "1"]

1. e4 c6 2. d4 d5 3. exd5 cxd5 4. c4 Nf6 5. Nc3 Nc6 6. Bg5 Bg4 7. Be2 Bxe2 8. Ngxe2 e6 9. cxd5 exd5 10. Qb3 Bb4 11. 0-0 Bxc3 12. bxc3 Qd7 13. Bxf6 gxf6 14. Nf4 0-0-0 15. Rab1 b6 16. Rfd1 Rhg8 17. g3 Qf5 18. Ng2 h5 19. c4 Na5 20. Qc3 dxc4 21. Ne3 Qf3 22. Rbc1 Kb8 23. Nxc4 Qxc3 24. Rxc3 Rc8 25. Rdc1 Nxc4 26. Rxc4 Rxc4 27. Rxc4 Rg5 28. a4 h4 29. Kg2 hxg3 30. fxg3 b5 31. axb5 Rxb5 32. Kf3 a5 33. Ke4 Kb7 34. Rc5 Rb2 35. Rxa5 Rxh2 36. Rf5 Rg2 37. Kf3 Rd2 38. Rxf6 Rxd4 39. Rxf7+ Kc8 40. Rf4 Rd3+ 41. Kg4 Kd8 42. Re4 Rd5 43. Kf4 Ra5 44. g4 Rc5 45. g5 Rc6 46. Kf5 Kd7 47. g6 Rc5+ 48. Kf6 Rc1 49. g7 1-0

[Event "Marianske Lazne op"]
[Site "Marianske Lazne"]
[Date "2011.01.22"]
[Round "9"]
[White "Molnar, Ladislav"]
[Black "Panos, Jan"]
[Result "1-0"]
[WhiteElo "1787"]
[BlackElo "1904"]
[PlyCount "115"]
[EventDate "2011.01.15"]
[EventType "swiss"]
[EventRounds "9"]
[EventCountry "CZE"]
[SourceTitle "CBM 140 Extra"]
[Source "ChessBase"]
[SourceDate "2011.03.01"]
[SourceVersion "1"]
[SourceVersionDate "2011.03.01"]
[SourceQuality "1"]

1. e4 d5 2. exd5 c6 3. dxc6 Nxc6 4. Bb5 Bd7 5. Nf3 a6 6. Bxc6 Bxc6 7. 0-0 Nf6 8. Nc3 e6 9. Ne5 Qc7 10. Nxc6 Qxc6 11. d3 h6 12. Re1 Bb4 13. Bd2 Rc8 14. Rc1 Be7 15. Ne4 Nd5 16. a3 0-0 17. Qg4 f5 18. Qh3 fxe4 19. Rxe4 Rf6 20. c4 Qb6 21. Re2 Qxb2 22. Rce1 Nc7 23. Bb4 Bxb4 24. Rxb2 Bxe1 25. Kf1 Ba5 26. Rxb7 Rcf8 27. f3 R8f7 28. Qg3 Rf5 29. Qd6 Kh7 30. d4 h5 31. Qc6 Kg8 32. Rb8+ Kh7 33. Rb7 Kg8 34. Ke2 g5 35. Rb8+ Kg7 36. Qd6 R7f6 37. Qd8 Rf8 38. Qd7+ R8f7 39. Qd6 Kh7 40. Qd8 Rg7 41. Qh8+ Kg6 42. g4 hxg4 43. fxg4 Rff7 44. Qh5+ Kf6 45. Qh8 Kg6 46. h4 gxh4 47. Qh5+ Kf6 48. Qxh4+ Kg6 49. Qh5+ Kf6 50. Qe5+ Kg6 51. Qxa5 e5 52. d5 Rf4 53. Rb6+ Kg5 54. Qc3 Re4+ 55. Kd3 Rd4+ 56. Kc2 Nxd5 57. cxd5 Rxd5 58. Qe3+ 1-0

[Event "Marianske Lazne op"]
[Site "Marianske Lazne"]
[Date "2009.01.20"]
[Round "4"]
[White "Lewicki, Miroslaw"]
[Black "Panos, Jan"]
[Result "1-0"]
[WhiteElo "1931"]
[BlackElo "1903"]
[PlyCount "65"]
[EventDate "2009.01.17"]
[EventType "swiss"]
[EventRounds "9"]
[EventCountry "CZE"]
[SourceTitle "CBM 128 Extra"]
[Source "ChessBase"]
[SourceDate "2009.03.05"]
[SourceVersion "2"]
[SourceVersionDate "2009.03.25"]
[SourceQuality "1"]

1. e4 c6 2. d4 d5 3. e5 Bf5 4. Bd3 Qd7 5. Nf3 Na6 6. c3 Nc7 7. 0-0 h6 8. h3 0-0-0 9. Nh2 e6 10. b4 f6 11. f4 Be7 12. a4 g5 13. Be2 Be4 14. exf6 Bxf6 15. fxg5 hxg5 16. Ng4 Qg7 17. Bd3 Bxd4+ 18. Nf2 Bxc3 19. Nxc3 Qxc3 20. Bxg5 Bxd3 21. Nxd3 Re8 22. Kh1 Rh7 23. b5 Nh6 24. Bf6 Qc4 25. Rf4 Qxf4 26. Nxf4 Rf8 27. Be5 Rg8 28. Bxc7 Ng4 29. Kg1 Kxc7 30. hxg4 Rgh8 31. Nh3 e5 32. Rc1 e4 33. Qxd5 1-0

[Event "Marianske Lazne op"]
[Site "Marianske Lazne"]
[Date "2008.01.19"]
[Round "1"]
[White "Golcman, Evgeny"]
[Black "Panos, Jan"]
[Result "1-0"]
[WhiteElo "2273"]
[BlackElo "1948"]
[PlyCount "104"]
[EventDate "2008.01.19"]
[EventType "swiss"]
[EventRounds "9"]
[EventCountry "CZE"]
[SourceTitle "CBM 122 Extra"]
[Source "ChessBase"]
[SourceDate "2008.03.04"]
[SourceVersion "1"]
[SourceVersionDate "2008.03.04"]
[SourceQuality "1"]

1. c4 Nf6 2. Nc3 e6 3. e4 d5 4. e5 d4 5. exf6 dxc3 6. fxg7 cxd2+ 7. Bxd2 Bxg7 8. Qc2 Nc6 9. Nf3 Qe7 10. Bd3 Nb4 11. Qa4+ Nc6 12. 0-0-0 Bd7 13. Qb3 0-0-0 14. Rhe1 Nd4 15. Nxd4 Bxd4 16. Be4 c6 17. f4 Qc5 18. Bb4 Qb6 19. Qa3 c5 20. Ba5 Qa6 21. Bxd8 Qxc4+ 22. Kb1 Rxd8 23. Qxa7 Qb4 24. Re2 Kc7 25. Rd3 Ba4 26. Bxb7 Qxb7 27. Qxa4 Ra8 28. Qc4 Kd6 29. Rb3 Qa7 30. a3 h6 31. Rd2 Ke7 32. g4 Qd7 33. Qb5 Qxb5 34. Rxb5 Be3 35. Rb7+ Kf6 36. Rdd7 Rf8 37. f5 exf5 38. gxf5 h5 39. Kc2 h4 40. Kd3 Bf2 41. h3 Bg1 42. Ke2 Bd4 43. Kf3 Bg1 44. b3 Bd4 45. Kf4 Be5+ 46. Ke4 Bg3 47. Kd5 Bf2 48. a4 Be3 49. Kc4 Bf2 50. a5 Ra8 51. Rxf7+ Ke5 52. Kb5 Kf4 1-0

[Event "Marianske Lazne op"]
[Site "Marianske Lazne"]
[Date "2006.01.27"]
[Round "8"]
[White "Panos, Jan"]
[Black "Iwanow, Anna"]
[Result "0-1"]
[WhiteElo "2021"]
[BlackElo "1847"]
[PlyCount "66"]
[EventDate "2006.01.21"]
[EventType "swiss"]
[EventRounds "9"]
[EventCountry "CZE"]
[SourceTitle "CBM 110 Extra"]
[Source "ChessBase"]
[SourceDate "2006.03.10"]
[SourceVersion "2"]
[SourceVersionDate "2006.03.10"]
[SourceQuality "1"]

1. d4 Nf6 2. Nf3 g6 3. c4 Bg7 4. e3 e6 5. Nc3 d6 6. Be2 0-0 7. 0-0 Nbd7 8. b4 e5 9. Bb2 Ne8 10. Rb1 c6 11. a4 f5 12. dxe5 dxe5 13. c5 g5 14. Bc4+ Kh8 15. Ne2 Qe7 16. Ng3 g4 17. Ne1 a5 18. Nh5 axb4 19. Nxg7 Nxg7 20. Nd3 f4 21. exf4 e4 22. Re1 Nf6 23. Nxb4 g3 24. hxg3 Qxc5 25. Be2 e3 26. Bd4 exf2+ 27. Bxf2 Qa5 28. Qd4 Bf5 29. Bd1 Bxb1 30. Bb3 Bg6 31. Re5 Qc7 32. Qc5 Nd7 33. Qe7 Rae8 0-1